[Event "FRA-ch U14 Girls"]
[Site "Aix les Bains"]
[Date "2006.??.??"]
[Round "6"]
[White "Cointot, Julie"]
[Black "Mallet, Berenice"]
[Result "0-1"]
[WhiteElo "1790"]
[BlackElo "1700"]
[PlyCount "72"]
[EventDate "2006.04.16"]
[EventType "swiss"]
[EventRounds "9"]
[EventCountry "FRA"]
[SourceTitle "EXT 2007"]
[Source "ChessBase"]
[SourceDate "2006.11.23"]
[SourceVersion "1"]
[SourceVersionDate "2006.11.23"]
[SourceQuality "1"]

1. e4 e6 2. d4 d5 3. exd5 exd5 4. Nc3 Nf6 5. Bd3 Nc6 6. Be3 Be7 7. h3 0-0 8. Qf3 Nb4 9. 0-0-0 Nxd3+ 10. Rxd3 c6 11. Nge2 Ne8 12. g4 Nd6 13. Ng3 Nc4 14. Nf5 Bb4 15. h4 a5 16. h5 a4 17. h6 g6 18. Ng3 a3 19. b3 Nb2 20. Nh5 Nxd3+ 21. cxd3 Bxc3 22. Nf6+ Kh8 23. Bg5 Qd6 24. Ne8 Bxg4 25. Bf6+ Kg8 26. Qxg4 Rfxe8 27. Be5 Qe7 28. Qf4 c5 29. Bd6 Qe6 30. Bxc5 Qf5 31. Qg3 Re1+ 32. Rxe1 Bxe1 33. Bxa3 Bxf2 34. Qh2 Rc8+ 35. Kd2 Qg5+ 36. Kd1 Qg1+ 0-1

[Event "FRA-chT U20 0506"]
[Site "France"]
[Date "2005.11.13"]
[Round "3.3"]
[White "Cointot, Julie"]
[Black "Lebreton, Flavien"]
[Result "0-1"]
[WhiteElo "1720"]
[BlackElo "1937"]
[PlyCount "82"]
[EventDate "2005.11.12"]
[EventType "team"]
[EventRounds "3"]
[EventCountry "FRA"]
[SourceTitle "CBM 109 Extra"]
[Source "ChessBase"]
[SourceDate "2006.01.03"]
[SourceVersion "2"]
[SourceVersionDate "2006.01.03"]
[SourceQuality "1"]

1. e4 c5 2. Nc3 Nc6 3. f4 g6 4. Nf3 Bg7 5. g3 e6 6. Bg2 Nge7 7. 0-0 0-0 8. d3 d6 9. Be3 Nd4 10. Rb1 Nec6 11. Ne2 Qa5 12. a3 Qa4 13. c3 Qxd1 14. Rfxd1 Nxe2+ 15. Kf2 Nxc3 16. bxc3 Bxc3 17. e5 Nd4 18. exd6 Nxf3 19. Bxf3 Bd4 20. Rbc1 Rd8 21. Bxd4 cxd4 22. Rc7 Rb8 23. Rdc1 a5 24. R1c4 b5 25. Rxd4 b4 26. axb4 axb4 27. d7 Bxd7 28. Rcxd7 Rxd7 29. Rxd7 b3 30. Bd1 b2 31. Bc2 Rc8 32. Bb1 Rc1 33. Ba2 Ra1 34. Ra7 Rxa2 35. Rxa2 b1Q 36. Rd2 Kg7 37. d4 Qe4 38. h3 Kf6 39. h4 Kf5 40. Rd1 Kg4 41. Rd2 Qf3+ 0-1

[Event "France-ch U12 Girls"]
[Site "Reims"]
[Date "2004.04.19"]
[Round "2"]
[White "Le Bail, Arielle"]
[Black "Cointot, Julie"]
[Result "1/2-1/2"]
[WhiteElo "1670"]
[BlackElo "1470"]
[PlyCount "78"]
[EventDate "2004.04.??"]
[EventType "swiss"]
[EventRounds "9"]
[EventCountry "FRA"]
[SourceTitle "EXT 2005"]
[Source "ChessBase"]
[SourceDate "2004.11.15"]
[SourceVersion "1"]
[SourceVersionDate "2004.11.15"]
[SourceQuality "1"]

1. e4 e6 2. d4 d5 3. Nc3 dxe4 4. Nxe4 Bd7 5. Bd3 Bc6 6. c3 Nd7 7. f3 Ngf6 8. Ne2 Be7 9. N2g3 0-0 10. b4 Nd5 11. b5 f5 12. Nf2 Nxc3 13. Qb3 Nxb5 14. Bxb5 Bd5 15. Bc4 Nf6 16. Bxd5 Qxd5 17. Qc3 c5 18. dxc5 Bxc5 19. Bb2 Rac8 20. Qe5 Bxf2+ 21. Kxf2 Rc2+ 22. Ne2 Ng4+ 23. fxg4 fxg4+ 24. Kg3 Qxe5+ 25. Bxe5 Rxe2 26. Rhe1 Ref2 27. Bd4 Rd2 28. Bxa7 Ra8 29. Bf2 Raxa2 30. Rxa2 Rxa2 31. Rxe6 b5 32. Re4 h5 33. Bc5 g5 34. h4 gxh4+ 35. Kxh4 Rxg2 36. Kxh5 g3 37. Rg4+ Kf7 38. Kh4 Rc2 39. Bg1 Rc3 1/2-1/2